Score 0/10 Timer 04:00
0 Plays Today
Question Answer Wrong Answers
Southwark Cathedral SE1 9DA
96.7%
IG1 2AD
1.1%
NW11 1LL
0%
W1C 8BB
0%
Selfridges, Oxford Street W1A 1AB
96.7%
N17 1AT
2.2%
SE3 1NX
0%
NW10 1NW
0%
Wembley Stadium HA9 0WS
95.6%
EC2P 9UR
2.2%
SE13 1WH
1.1%
SW18 7XD
1.1%
London City Airport E16 2PX
95.6%
N16 3BA
2.2%
SW16 5UP
0%
W16 8ON
0%
King's Road, Chelsea SW3 5ES
95.6%
EC2Y 5YY
4.4%
N5 9EH
0%
TW4 4TW
0%
Camden Lock Market NW1 8AF
93.4%
E3 3RL
3.3%
SE10 1MK
1.1%
SW1A 0AA
0%
St Pancras International station N1 9AL
93.4%
E2 5IL
4.4%
SW2 6KX
1.1%
W8 4GG
1.1%
Odeon Leicester Square WC2H 7JY
91.2%
N8 8RJ
3.3%
SE18 4SH
1.1%
SW6 0CM
2.2%
1 Canada Square (Canary Wharf tower) E14 5AB
87.9%
SE14 6AC
11%
SW14 7AD
0%
W14 8AE
0%
Cutty Sark SE10 9HT
86.8%
E1 1AA
9.9%
HA2 2UE
3.3%
N9 4FP
0%
Remove Ads.
Support Sporcle.
Get the best of Sporcle when you Go Orange. This ad-free experience offers more features, more stats, and more fun while also helping to support Sporcle. Thank you for becoming a member.

You're not logged in!

Compare scores with friends on all Sporcle quizzes.
OR
Log In

Show Comments

Extras

Top Quizzes Today


Score Distribution

Your Account Isn't Verified!

In order to create a playlist on Sporcle, you need to verify the email address you used during registration. Go to your Sporcle Settings to finish the process.

Report this User

Report this user for behavior that violates our Community Guidelines.

Details: